000 00324nam a22001457a 4500
008 230316b ||||| |||| 00| 0 eng d
020 _a9781285451442
041 _aeng
080 _25 EDITION
_a338
082 _a338COL
100 _a24
101 _aMANAG
245 _aOPERATIONS MANAGEMENT
_cCOLLIER
942 _2udc
_cBK
999 _c59369
_d59369